000 00380nam a22001457a 4500
005 20180305125628.0
008 170620b xxu||||| |||| 00| 0 eng d
040 _cPK-LaUMT
082 _aZIAC 297.04
_bESS-
100 _aHakim Mohammed Said
245 _aEssays on Islam/
_cHakim Mohammed Said
260 _aKarachi:
_bHamdard Foundation,
_c1992
300 _a346 p.
942 _cBK
999 _c94781
_d94781